IBM PC Velký průvodce hardwarem

Salvato in:
Dettagli Bibliografici
Autore principale: Minasi, Mark
Altri autori: Losík, Václav
Natura: Libro
Lingua:ceco
Pubblicazione: Praha Grada 1994
Edizione:1. vyd.
Soggetti:
Tags: Aggiungi Tag
Nessun Tag, puoi essere il primo ad aggiungerne!!

MARC

LEADER 00000nam a2200000 4500
001 c005788
005 20221205140621.1
020 |a 80-7169-038-4 
041 0 |a cze 
044 |a CZ 
245 1 0 |a IBM PC  |b Velký průvodce hardwarem  |c Mark Minasi ; Prekl. Václav Losík 
250 |a 1. vyd. 
264 1 |a Praha  |b Grada  |c 1994 
300 |a 710 s. 
610 2 0 |a počítače 
610 2 0 |a hardvér 
610 2 0 |a počítače osobné 
610 2 0 |a programy počítačové 
610 2 0 |a IBM 
100 1 |a Minasi, Mark 
700 1 |a Losík, Václav